000 00808cam a2200229 a 4500
001 12135811
005 20180227054044.0
008 000809s2001 cauab b 001 0 eng
010 _a 00063037
020 _a0534572227
040 _aDLC
_cDLC
_dDLC
041 _aeng
080 _a550 JAM
082 0 0 _a550 JAM
_221
100 1 _a43
101 _aGEO
245 1 0 _aPhysical geology :
_cJames S. Monroe, Reed Wicander.
504 _aIncludes bibliographical references and index.
906 _a7
_bcbc
_corignew
_d1
_eocip
_f20
_gy-gencatlg
942 _2ddc
_cBK
999 _c43578
_d43578